CERIM - Central European research to innovation models: Podpora technologického transferu na Žilinskej univerzite
Základné informácie o projekte Žilinskej univerzity boli uverejnené v prvom čísle časopisu v tomto roku. Porovnanie úrovne technologického transferu a komercializácie výsledku výskumu a vývoja v nových členských krajinách EÚ. Zhodnotenie výstupov zo študijnej cesty účastníkov projektu v USA. Využiti...
Salvato in:
| Autore principale: | |
|---|---|
| Natura: | Capitolo di libro |
| Lingua: | slovacco |
| Soggetti: | |
| Tags: |
Nessun Tag, puoi essere il primo ad aggiungerne!!
|
MARC
| LEADER | 00000naa a2200000 4500 | ||
|---|---|---|---|
| 001 | 0124511 | ||
| 005 | 20231129135229.7 | ||
| 041 | 0 | |a slo | |
| 044 | |a SK | ||
| 245 | 1 | 0 | |a CERIM - Central European research to innovation models: Podpora technologického transferu na Žilinskej univerzite |c Michal Janovčík |
| 520 | |a Základné informácie o projekte Žilinskej univerzity boli uverejnené v prvom čísle časopisu v tomto roku. Porovnanie úrovne technologického transferu a komercializácie výsledku výskumu a vývoja v nových členských krajinách EÚ. Zhodnotenie výstupov zo študijnej cesty účastníkov projektu v USA. Využitie skúseností z projektu CERIM pri rozvoji technologického transferu na Žilinskej univerzite. | ||
| 610 | 2 | 0 | |a transfer technológie |
| 610 | 2 | 0 | |a inovácia |
| 610 | 2 | 0 | |a výskum |
| 610 | 2 | 0 | |a vývoj |
| 610 | 2 | 0 | |a patenty |
| 610 | 2 | 0 | |a projekty |
| 610 | 2 | 0 | |a univerzity |
| 100 | 1 | |a Janovčík, Michal | |